[Event "Open"]
[Site "Kavala GRE"]
[Date "2004.08.03"]
[Round "5"]
[White "Managadze,N"]
[Black "Makka,I"]
[Result "1-0"]
[WhiteElo "2463"]
[BlackElo "2220"]

1.Nf3 d5 2.g3 Bg4 3.Bg2 Nd7 4.O-O c6 5.d3 Ngf6 6.h3 Bh5 7.Nbd2 e5 8.e4 dxe4
9.dxe4 Be7 10.b3 O-O 11.Bb2 Qc7 12.Qe1 Ne8 13.Nc4 f6 14.Nh4 b5 15.Ne3 Bc5
16.a4 b4 17.Bf3 Bf7 18.Nhf5 Nd6 19.Nxd6 Bxd6 20.Nf5 Bc5 21.Kg2 Rfd8 22.Bg4 Nf8
23.h4 Ne6 24.Rb1 Rab8 25.Be2 Nd4 26.Bxd4 Bxd4 27.Bd3 c5 28.Qe2 Kh8 29.Bc4 Bg6
30.g4 Be8 31.Rbd1 Bd7 32.Rd3 Bc6 33.f3 g6 34.Ng3 Kg7 35.h5 Rd6 36.Rh1 Rbd8
37.hxg6 hxg6 38.Qd2  1-0

[Event "Open"]
[Site "Kavala GRE"]
[Date "2004.08.05"]
[Round "7"]
[White "Managadze,N"]
[Black "Kouvatsou,M"]
[Result "1-0"]
[WhiteElo "2463"]
[BlackElo "2223"]

1.Nf3 d5 2.g3 Bg4 3.Bg2 Nd7 4.c4 e6 5.O-O Bd6 6.b3 Ne7 7.Bb2 O-O 8.d3 c6
9.Nbd2 Re8 10.Qc2 Qb8 11.Rac1 a5 12.a3 e5 13.e3 f6 14.Nb1 Nc5 15.Nc3 Ne6
16.Nd2 d4 17.Nce4 Bc7 18.exd4 exd4 19.b4 f5 20.Nc5 Nxc5 21.bxc5 Be5 22.f4 Bf6
23.Nb3 Qd8 24.a4 Qd7 25.Rce1 Ng6 26.Bc1 Nf8 27.Bd2 Ne6 28.Bxa5 Be7 29.h3 Bh5
30.Re5 Bg6 31.g4 Nf8 32.Bf3 Bf6 33.Rxe8 Qxe8 34.Re1 Qd7 35.g5 Be7 36.h4 Bf7
37.Qd2 Ne6 38.Re5 Bf8 39.h5 g6 40.h6 Re8 41.Qh2 Qc8 42.Bd2 Qb8 43.Re2 Nxc5
44.Nxc5 Bxc5 45.Rxe8+ Qxe8 46.Qf2 Qe6 47.Qf1 Be8 48.a5 Qe7 49.Qb1 Qc7 50.Qb2 Bd7
51.Kg2 Bc8 52.Bb4 Qe7 53.Bxc5 Qxc5 54.a6 bxa6 55.Qb8 Qf8 56.Bxc6 Be6 57.Qa7 Qf7
58.Qa8+ Qf8 59.Qxa6 Qb8 60.Kg3 Kf7 61.Bd5 Bxd5 62.Qf6+  1-0

[Event "ch-Arab"]
[Site "Dubai UAE"]
[Date "2004.08.06"]
[Round "4"]
[White "Khairallah,F"]
[Black "Doghri,N"]
[Result "1-0"]
[WhiteElo "2283"]
[BlackElo "2303"]

1.Nf3 d5 2.g3 Nf6 3.Bg2 c6 4.O-O Bf5 5.b3 e6 6.c4 Bd6 7.d3 O-O 8.Nbd2 h6
9.Bb2 Bh7 10.Re1 a5 11.e4 dxe4 12.Nxe4 Nxe4 13.dxe4 Bb4 14.Re3 Bc5 15.Rd3 Qb6
16.Qe2 a4 17.Nh4 Rd8 18.Qg4 Bf8 19.c5 Qc7 20.Rxd8 Qxd8 21.Rd1 Qg5 22.Qxg5 hxg5
23.Nf3 axb3 24.axb3 Be7 25.Ne5 Ra2 26.Nc4 Bg6 27.b4 f6 28.Ra1 Rxa1+ 29.Bxa1 Na6
30.Bc3 Kf8 31.Na5 Ke8 32.Nxb7 Kd7 33.Na5 Nc7 34.Kf1 Nb5 35.Bb2 e5 36.Ke2 Bf7
37.Kd3 Ba2 38.Bf3 Bd8 39.Bg4+ Kc7 40.Nc4 Kb7 41.Be2 Bc7 42.Bg4 Bd8 43.Bd7 Bb1+
44.Ke3 Ba2 45.Nd2 Nc7 46.Bg4 Be7 47.Be2 Na6 48.Bc3 Nc7 49.f3 Nb5 50.Bb2 Nc7
51.Nc4 Ne6 52.Na5+ Kc7 53.Bd3 Nd8 54.Bc2 Nb7 55.Nb3 Nd8 56.Bc3 Ne6 57.Na5 Nd8
58.Ba4 Be6 59.Kd3 Bc8 60.Bb3 Bh3 61.Bd2 Bf1+ 62.Ke3 Bb5 63.Bc3 Kd7 64.Nc4 Nb7
65.Nb2 Nd8 66.Nd3 Nb7 67.h4 gxh4 68.gxh4 Nd8 69.Nb2 Ne6 70.Bc4 Bxc4 71.Nxc4 Bd8
72.Kf2 Nf4 73.Bd2 Ne6 74.h5 Nd4 75.Kg3 Bc7 76.Kg4 Ke6 77.Ne3 Bd8 78.Bc3 Ne2
79.Ba1 Be7 80.Nf5 Bf8 81.Bb2 Nf4 82.Bc1 Nd3 83.Bd2 Nf2+ 84.Kg3 Nd3 85.Kg2 Nb2
86.Kf2 Kd7 87.Ke2 Kc7 88.Bc3 Na4 89.Kd3 Kb7 90.Ba1 Bxc5 91.bxc5 Nxc5+ 92.Kc4 Ne6
93.Bc3 Kc7 94.Bd2 Kd7 95.Be3 Ke8 96.Kb4 Kf7 97.Nh4 c5+ 98.Kc4 Nd4 99.Kxc5 Ne2
100.Nf5 g6 101.hxg6+ Kxg6 102.Kc4  1-0

[Event "CCM4 Ordix Open"]
[Site "Mainz GER"]
[Date "2004.08.07"]
[Round "5"]
[White "Ubilava,E"]
[Black "Vaganian,R"]
[Result "1/2-1/2"]
[WhiteElo "2517"]
[BlackElo "2642"]

1.Nf3 d5 2.g3 Nf6 3.Bg2 e6 4.O-O Be7 5.d3 c5 6.Nbd2 Nc6 7.e4 b6 8.Re1 Bb7
9.c3 Qc7 10.a3 Rd8 11.e5 Nd7 12.Qe2 b5 13.d4 cxd4 14.cxd4 b4 15.a4 b3 16.Nxb3 Nb4
17.Bg5 Qc4 18.Bxe7 Qxe2 19.Rxe2 Kxe7 20.Rd2 Rc8 21.Bf1 Rc7 22.Bb5 Bc6 23.Na5 Bxb5
24.axb5 Rb8 25.Nc6+ Nxc6 26.bxc6 Nb6 27.Rc2 Nc4 28.Nd2 Nxd2 29.Rxd2 Rb4 30.b3 Rxb3
31.Rda2 Rc3 32.Rxa7 Rxc6 33.Kg2 f6 34.exf6+ Kxf6 35.Rxc7 Rxc7 36.Ra3 Rc4
37.Rd3 h5 38.h4 Kf5 39.Kf3 Rc1 40.Ke2 Rc2+ 41.Kf3 g6 42.Ra3 Rc1 43.Rd3 Re1
44.Rd2 Re4 45.Rd1 g5 46.hxg5 Kxg5 47.Rd2 Kf5 48.Rd1 h4  1/2-1/2

[Event "XI Summer Open"]
[Site "Nice FRA"]
[Date "2004.08.07"]
[Round "7"]
[White "Lazic,Mi"]
[Black "Daurelle,H"]
[Result "1-0"]
[WhiteElo "2471"]
[BlackElo "2212"]

1.g3 d5 2.Nf3 Bg4 3.Bg2 Nd7 4.O-O e6 5.d3 c5 6.Nbd2 Ngf6 7.h3 Bh5 8.e4 Ne5
9.Qe1 Nxf3+ 10.Nxf3 Be7 11.Nh2 dxe4 12.dxe4 e5 13.Kh1 O-O 14.f4 exf4 15.gxf4 Re8
16.Qg3 Be2 17.Re1 Nh5 18.Qe3 Bh4 19.Bd2 Bxe1 20.Rxe1 Bc4 21.f5 Ng3+ 22.Qxg3 Qxd2
23.Rg1 g6 24.Ng4 Kh8 25.Nf6 Red8 26.Qh4 h6 27.e5 Rd4 28.Ne4 Qg5 29.Qf2 Rxe4
30.Bxe4 Qh5 31.Kh2 Rd8 32.Rg3 gxf5 33.Bf3  1-0

[Event "ch-GBR"]
[Site "Scarborough ENG"]
[Date "2004.08.07"]
[Round "6"]
[White "Motwani,P"]
[Black "Ledger,A"]
[Result "1-0"]
[WhiteElo "2552"]
[BlackElo "2452"]

1.Nf3 d5 2.g3 c6 3.Bg2 Bg4 4.O-O e6 5.d4 Nd7 6.Nbd2 Ngf6 7.Re1 Qb6 8.c3 Be7
9.e4 dxe4 10.Nxe4 O-O 11.a4 Nxe4 12.Rxe4 Nf6 13.a5 Qc7 14.Re1 Rad8 15.h3 Bh5
16.g4 Bg6 17.Ne5 Nd7 18.Nxg6 hxg6 19.Qf3 a6 20.Bf4 Bd6 21.Bxd6 Qxd6 22.g5 f6
23.Bf1 Qd5 24.Qe3 Rde8 25.Ra4 Qd6 26.Rb4 fxg5 27.Rxb7 Rf5 28.Bd3 Rxa5 29.Bxg6 Re7
30.b4 Rb5 31.Rxb5 cxb5 32.Qxg5 Nf6 33.Re3 Rc7 34.Rg3 Qd5 35.Qf4 Rc8 36.Rg5 Qb3
37.Rc5 Rf8 38.Qh4 Qd1+ 39.Kg2 Qd2 40.Rc7 e5 41.Bf5 Re8 42.Bg6 Rf8 43.dxe5 Qd5+
44.Kg1 Qxe5 45.Qg3 Qe1+ 46.Kg2 Kh8 47.Ra7 Qe6 48.Qh4+ Kg8 49.Qg3 Kh8 50.Rc7 Qd5+
51.Kh2 Qd2 52.Rc5 Kg8 53.Bf5 Re8 54.Kg2 Nd5 55.Qf3 Nf4+ 56.Kh2 Qd6 57.Qg3 Re2
58.Bg4 Re4 59.Bf3 Rc4 60.Bd5+  1-0

[Event "HZ Open"]
[Site "Vlissingen NED"]
[Date "2004.08.08"]
[Round "3"]
[White "Siebrecht,S"]
[Black "Balje,J"]
[Result "1-0"]
[WhiteElo "2340"]
[BlackElo "2156"]

1.Nf3 d5 2.g3 Nf6 3.Bg2 e6 4.O-O Be7 5.d3 b6 6.Nbd2 Bb7 7.e4 dxe4 8.Ng5 c5
9.Ngxe4 Nxe4 10.Nxe4 Nc6 11.Qg4 O-O 12.Bh6 Bf6 13.Bg5 Bxg5 14.Nxg5 h6 15.Nxe6 fxe6
16.Bxc6  1-0

[Event "ch-Arab"]
[Site "Dubai UAE"]
[Date "2004.08.09"]
[Round "7"]
[White "Nadir,S"]
[Black "Hassan,Ab"]
[Result "0-1"]
[WhiteElo "2163"]
[BlackElo "2324"]

1.Nf3 d5 2.g3 c6 3.Bg2 Nf6 4.b3 Bg4 5.Bb2 Nbd7 6.d3 e6 7.Nbd2 Bd6 8.h3 Bh5
9.e4 dxe4 10.dxe4 Be5 11.c3 Nc5 12.O-O Nd3 13.Qc2 Bb8 14.Ba3 Bxf3 15.Bxf3 Ne5
16.Rad1 Qa5 17.Bb4 Nxf3+ 18.Nxf3 Qh5 19.Qe2 Qxh3 20.e5 Nd5 21.Qd2 Bc7 22.Qg5 h6
23.Qh4 Qxh4 24.gxh4 O-O-O 25.Rd4 a5 26.Bd6 Nxc3 27.Re1 Nb5 28.Rg4 Bxd6 29.exd6 g6
30.d7+ Kxd7 31.Ne5+ Ke7 32.Rf4 Rhf8 33.Re3 Rd4 34.Rxd4 Nxd4 35.Rd3 Rd8 36.Kf1 Rd5
37.Nc4 Nf5 38.Rxd5 exd5 39.Nxa5 Nd6 40.Ke2 h5 41.b4 Kd7 42.Nb3 Nf5 43.Kf3 Nxh4+
44.Kf4 f6 45.Nc5+ Kc7 46.Ne6+ Kd6 47.Nd8 b6 48.a4 g5+  0-1

[Event "RUS-CHN"]
[Site "Moscow CHN"]
[Date "2004.08.11"]
[Round "2"]
[White "Nepomniachtchi,I"]
[Black "Shen Yang"]
[Result "1-0"]
[WhiteElo "2476"]
[BlackElo "2263"]

1.Nf3 d5 2.g3 c6 3.Bg2 Nf6 4.O-O Bf5 5.d3 e6 6.Nbd2 h6 7.Qe1 Be7 8.e4 Bh7
9.Qe2 O-O 10.b3 a5 11.a3 Re8 12.Bb2 Qb6 13.Rfe1 Na6 14.exd5 cxd5 15.Ne5 Nc5
16.Ndf3 Rac8 17.h4 Nfd7 18.Ng4 Bf8 19.Qd2 Qc7 20.Rac1 Bf5 21.Ne3 Bh7 22.Ng4 Bf5
23.Nfh2 f6 24.Ne3 Bg6 25.Qd1 Bf7 26.d4 Ne4 27.c4 Qd6 28.Nhf1 Qa6 29.Nd2 Nxd2
30.Qxd2 Nb6 31.c5 Nd7 32.b4 axb4 33.axb4 Qc6 34.Qd3 Ra8 35.b5 Qc7 36.Qb3 g5
37.hxg5 hxg5 38.Ra1 Kg7 39.Bf1 Nxc5 40.dxc5 Bxc5 41.Rxa8 Rxa8 42.Ng4 d4 43.Bc4 e5
44.Qf3 Qe7 45.Bxf7 Qxf7 46.Nxf6 Ra2 47.Rxe5 Qxf6 48.Qxb7+  1-0

[Event "15th ch-NATO"]
[Site "The Hague NED"]
[Date "2004.08.12"]
[Round "5"]
[White "Karbowiak,A"]
[Black "Indbryn,T"]
[Result "1-0"]
[WhiteElo "2256"]
[BlackElo "2129"]

1.Nf3 d5 2.g3 Bg4 3.Bg2 Nd7 4.O-O e6 5.d3 c6 6.h3 Bh5 7.c4 f5 8.Nc3 Bc5 9.cxd5 cxd5
10.e4 d4 11.Na4 fxe4 12.dxe4 Bxf3 13.Bxf3 e5 14.Nxc5 Nxc5 15.b4 Nd7 16.Qb3 Qe7
17.Bh5+ g6 18.Bg4 Nf8 19.Qa4+ Kf7 20.f4 Kg7 21.fxe5 h5 22.Bf3 h4 23.g4 Nh6
24.Bb2 Ne6 25.Rad1 Rhd8 26.b5 Qc5 27.Qb3 Qxe5 28.Bg2 Rf8 29.Qd5 Qxd5 30.exd5 Nf4
31.Bxd4+ Kg8 32.Rxf4 Rxf4 33.Be3 Ra4 34.Bxh6 Rxa2 35.d6 Kh7 36.Bg5 Rc8 37.d7 Rcc2
38.Bxb7 Rc3 39.d8=Q Rg3+ 40.Kf1  1-0

[Event "RUS-CHN"]
[Site "Moscow CHN"]
[Date "2004.08.15"]
[Round "5"]
[White "Andreikin,D"]
[Black "Wang Hao"]
[Result "1/2-1/2"]
[WhiteElo "2449"]
[BlackElo "2433"]

1.Nf3 d5 2.g3 Bg4 3.Bg2 Nd7 4.O-O Ngf6 5.d3 e6 6.Nbd2 Bd6 7.e4 c6 8.Qe2 O-O
9.h3 Bxf3 10.Nxf3 dxe4 11.dxe4 e5 12.Bg5 Nc5 13.Rad1 Ncxe4 14.Bh4 Qe7 15.Qxe4 Nxe4
16.Bxe7 Bxe7 17.Nxe5 Nf6 18.Rfe1 Rad8 19.Rxd8 Bxd8 20.Nc4 Bc7 21.Re7 Rc8
22.Bf3 b5 23.Nd2 Kf8 24.Re2 Bb6 25.Kg2 h5 26.c3 g6 27.h4 a5 28.Nb3 Nd7 29.Nd4 Nb8
30.Re1 Rd8 31.Rd1 Ke7 32.Kf1 Bxd4 33.cxd4 Kd6 34.Rc1 Rc8 35.a4 bxa4 36.Rc5 Nd7
37.Rxa5 Rb8 38.Rxa4 Rxb2 39.Rc4 Rb6 40.Ke2 Nf8 41.Ke3 Ne6 42.Rc3 Ng7 43.Be4 Ne8
44.Bf3 Nc7 45.Kd3 Na6 46.Ke3 Nb4 47.Rc4 Na6 48.Kf4 Nb4 49.Ke4  1/2-1/2

[Event "Open A"]
[Site "Riga LAT"]
[Date "2004.08.15"]
[Round "1"]
[White "Hagesaether,E"]
[Black "Fridman,D2"]
[Result "0-1"]
[WhiteElo "2188"]
[BlackElo "2590"]

1.g3 d5 2.Nf3 Nf6 3.Bg2 Bf5 4.d3 e6 5.O-O h6 6.Nbd2 Nbd7 7.Qe1 Be7 8.e4 dxe4
9.dxe4 Bh7 10.Qe2 O-O 11.h3 c6 12.Kh1 a5 13.Nh2 a4 14.a3 Qa5 15.f4 Nc5 16.g4 Rad8
17.f5 Rfe8 18.Qf2 Qc7 19.Re1 exf5 20.gxf5 Bd6 21.Nhf1 b6 22.Qh4 Bf4 23.Nc4 Bxc1
24.Raxc1 Rd4 25.Ncd2 Bxf5 26.Qf2 Rxd2 27.Nxd2 Ncxe4 28.Nxe4 Nxe4 29.Qf3 Bg6
30.Kg1 Qe5 31.b3 b5 32.Qe3 Re6 33.bxa4 bxa4 34.Rcd1 c5 35.Rb1 Kh7 36.Rb5 Qf6
37.Qf3 Qd4+ 38.Kh2 Nd2 39.Qg3 Nf3+ 40.Bxf3 Qd2+ 41.Bg2 Rxe1 42.Rxc5 Re2 43.Rc4 Be4
44.Rxe4 Rxe4 45.Qf3 Qf4+  0-1

[Event "RUS-CHN"]
[Site "Moscow RUS"]
[Date "2004.08.16"]
[Round "6"]
[White "Bu Xiangzhi"]
[Black "Rublevsky,S"]
[Result "1/2-1/2"]
[WhiteElo "2620"]
[BlackElo "2686"]

1.Nf3 d5 2.g3 Bg4 3.Bg2 Nd7 4.O-O Ngf6 5.d3 c6 6.Nbd2 e5 7.e4 dxe4 8.dxe4 Be7
9.Nc4 O-O 10.h3 Bh5 11.Qe1 Qc7 12.a4 Ne8 13.Bd2 f6 14.Bb4 Nd6 15.Ne3 Rfe8
16.Qc3 Bf7 17.Nh4 Rad8 18.Rfd1 c5 19.Ba3 b6 20.Nhf5 Bf8 21.Nxd6 Bxd6 22.Bf1 Nb8
23.Bc4 Nc6  1/2-1/2

[Event "Open A"]
[Site "Riga LAT"]
[Date "2004.08.16"]
[Round "3"]
[White "Novikov,S"]
[Black "Katishonok,N"]
[Result "1-0"]
[WhiteElo "2520"]
[BlackElo "2272"]

1.Nf3 d5 2.g3 Nc6 3.c4 dxc4 4.Qa4 e5 5.Nxe5 Qd5 6.Nf3 b5 7.Qd1 Bb7 8.Bg2 O-O-O
9.O-O Nf6 10.b3 cxb3 11.Nc3 Qh5 12.axb3 a6 13.d3 Bc5 14.Bg5 Rd6 15.e3 Nb4
16.d4 Ne4 17.Nxe4 Bxe4 18.Bf4 Rd5 19.Ne5 Qxd1 20.Rfxd1 Bxg2 21.Kxg2 f6 22.dxc5 Rxd1
23.Rxd1 fxe5 24.Bxe5 Rg8 25.f4 g6 26.Bc3 Nc6 27.Kf3 b4 28.Be1 a5 29.g4 Kb7
30.Bh4 Rf8 31.e4 Ka6 32.f5 a4 33.Kf4 axb3 34.e5 b2 35.Rb1 gxf5 36.gxf5 Nd4
37.Bf6 Kb5 38.Rxb2 Kc4 39.Ke4 b3 40.Rd2 Nc6 41.Bg7 Rf7 42.f6 Kc3 43.Rd3+ Kc2
44.Rxb3 Kxb3 45.e6 Rxg7 46.fxg7 Ne7 47.Ke5 Ng8 48.c6 Kc4 49.e7 Nxe7 50.Ke6 Ng8
51.Kd7 Kd5 52.Kxc7 Ke6 53.Kd8 Kf7 54.c7  1-0

[Event "14th Open"]
[Site "Abu Dhabi UAE"]
[Date "2004.08.17"]
[Round "4"]
[White "Karavade,E"]
[Black "Al Tamimi,H"]
[Result "1-0"]
[WhiteElo "2276"]
[BlackElo "2169"]

1.Nf3 d5 2.g3 c6 3.Bg2 Bg4 4.O-O Nd7 5.d3 Ngf6 6.Nbd2 e6 7.e4 dxe4 8.dxe4 e5
9.Qe1 Bc5 10.b3 O-O 11.Bb2 Re8 12.Nc4 Qc7 13.Ne3 Bh5 14.Nh4 Nf8 15.Kh1 Ne6
16.f4 exf4 17.gxf4 Nxf4 18.Qg3 Bxe3 19.Bxf6 Ne6 20.Be5 Qa5 21.Nf5 Bg5 22.h4 f6
23.Bc3 Bxh4 24.Nxh4 Qg5 25.Qxg5 Nxg5 26.Rae1 Nf7 27.Nf5 Bg6 28.Rd1 Rad8 29.Rxd8 Rxd8
30.Nxg7  1-0

[Event "ch-FRA"]
[Site "Val d'Isere FRA"]
[Date "2004.08.17"]
[Round "2"]
[White "Dorfman,J"]
[Black "Vaisser,A"]
[Result "1/2-1/2"]
[WhiteElo "2599"]
[BlackElo "2580"]

1.Nf3 d5 2.g3 Bg4 3.Bg2 Nd7 4.c4 e6 5.cxd5 exd5 6.Nc3 c6 7.d4 Ngf6 8.h3 Bxf3
9.Bxf3 Bd6 10.Qd3 Qe7 11.Bf4 O-O 12.Qe3 Qxe3 13.Bxe3 Rfe8 14.Bf4 Bxf4 15.gxf4 Re7
16.e3 Ne8 17.O-O-O Nd6  1/2-1/2

[Event "2nd Misr Closed"]
[Site "Ismailia EGY"]
[Date "2004.08.18"]
[Round "3"]
[White "Ivanov,MM"]
[Black "Abdelnabbi,I"]
[Result "1/2-1/2"]
[WhiteElo "2463"]
[BlackElo "2479"]

1.Nf3 d5 2.g3 c5 3.Bg2 Nc6 4.d4 Nf6 5.O-O e6 6.c4 dxc4 7.dxc5 Qxd1 8.Rxd1 Bxc5
9.Nbd2 c3 10.bxc3 O-O 11.Nb3 Be7 12.Nfd4 Bd7 13.Nb5 Nd8 14.Nd6 Bxd6 15.Rxd6 Rc8
16.e4 Bc6 17.f3 b6 18.Bf1 Bb7 19.Bb2 Nc6 20.c4 Rfd8 21.Rxd8+ Rxd8 22.c5 bxc5
23.Nxc5 Ba8 24.Bc3 e5 25.Nb3 g5 26.g4 h5 27.h3 hxg4 28.hxg4 Nh7 29.Be2 Nf8
30.Rd1 Rxd1+ 31.Bxd1 Ne6 32.Kf2 Kf8 33.Be2 Ke7 34.Na5 Ncd4 35.Bb4+ Kd7 36.Bf1 f6
37.Nc4 Nc2 38.Ba5 Bc6 39.Ne3 Nxe3 40.Kxe3 Nd4 41.Bc4 Bb5 42.Bd5 Be2 43.Bc3 Bd1
44.Bxd4 exd4+ 45.Kxd4 Bxf3 46.e5 fxe5+ 47.Kxe5 Bxg4 48.Kf6 Kd6 49.Bb3 Bf3
50.Kxg5 Ke5 51.Kh4 Kf4 52.Bc4 Bg4 53.Bb5 a5 54.a4 Bf3  1/2-1/2

[Event "Open A"]
[Site "Riga LAT"]
[Date "2004.08.18"]
[Round "6"]
[White "Kengis,E"]
[Black "Zhuravliov,V"]
[Result "1-0"]
[WhiteElo "2563"]
[BlackElo "2399"]

1.Nf3 d5 2.g3 Nc6 3.d4 Bg4 4.Bg2 Qd7 5.h3 Bh5 6.c3 e6 7.b4 f6 8.O-O Nge7
9.Nbd2 Nc8 10.e4 Be7 11.a4 Bf7 12.Ne1 O-O 13.Nd3 a5 14.b5 Nd8 15.Nb3 Nb6
16.Nbc5 Qc8 17.Re1 Re8 18.h4 Nc4 19.exd5 exd5 20.Ra2 b6 21.Rae2 Kf8 22.Nf4 bxc5
23.Nxd5 Bxd5 24.Bxd5 Nb6 25.Bxa8 Qxa8 26.dxc5 Nd5 27.Bb2 Nf7 28.c4 Nb4 29.Qd7 Qd8
30.c6 Nd3 31.Qxd8 Nxd8 32.Rd1 Nxb2 33.Rxb2 Bc5 34.Rd3 Re1+ 35.Kg2 Ne6 36.Rc2 Re4
37.Rcc3  1-0

[Event "Open A"]
[Site "Riga LAT"]
[Date "2004.08.21"]
[Round "9"]
[White "Novikov,S"]
[Black "Malykin,V"]
[Result "1-0"]
[WhiteElo "2520"]
[BlackElo "2386"]

1.Nf3 d5 2.g3 Nf6 3.Bg2 Bf5 4.b3 e6 5.Bb2 h6 6.d3 Be7 7.Nbd2 O-O 8.O-O a5
9.a3 Bh7 10.Re1 c5 11.Ne5 Nfd7 12.Nxd7 Nxd7 13.e4 Bf6 14.Bxf6 Nxf6 15.a4 Qc7
16.Qe2 Rad8 17.Rad1 Rfe8 18.f4 b6 19.Rf1 Nd7 20.Rde1 Qc8 21.Qf2 Nf6 22.e5 Nd7
23.g4 Qc7 24.Re3 Nb8 25.Rh3 Nc6 26.Nf3 c4 27.d4 cxb3 28.cxb3 Ne7 29.f5 exf5
30.g5 f4 31.gxh6 Bf5 32.Rh5 Bg6 33.Rh4 Qc2 34.Rxf4 Qxf2+ 35.Rxf2 gxh6 36.Nh4 Rc8
37.Nxg6 Rc1+ 38.Rf1 Rxf1+ 39.Rxf1 fxg6 40.Rc1 Rd8 41.Bh3 Rb8 42.Be6+ Kf8
43.Rf1+ Ke8 44.Rf7 Nc6 45.Bxd5 Nxd4 46.Rf6 Rd8 47.Bc4 Kd7 48.Kf2 Kc7 49.Rxg6 Rf8+
50.Ke3 Nc6 51.Ke4  1-0

[Event "14th Open"]
[Site "Abu Dhabi UAE"]
[Date "2004.08.22"]
[Round "8"]
[White "Karavade,E"]
[Black "Sundararajan,K"]
[Result "1/2-1/2"]
[WhiteElo "2276"]
[BlackElo "2452"]

1.Nf3 d5 2.g3 c6 3.Bg2 Bg4 4.O-O Nd7 5.c4 e6 6.cxd5 exd5 7.d3 Ngf6 8.Nc3 Bc5
9.h3 Bxf3 10.Bxf3 O-O 11.Qc2 Re8 12.Rb1 a5 13.a3 Qe7 14.Bd2 Ne5 15.Bg2 Ng6
16.e4 dxe4 17.dxe4 h5 18.Kh1 Bd4 19.Ne2 Bb6 20.Nc3 Bd4  1/2-1/2

[Event "14th Open"]
[Site "Abu Dhabi UAE"]
[Date "2004.08.22"]
[Round "8"]
[White "Jasim,A"]
[Black "Moradiabadi,E"]
[Result "1/2-1/2"]
[WhiteElo "2289"]
[BlackElo "2435"]

1.Nf3 d5 2.g3 c6 3.Bg2 Bg4 4.c4 e6 5.cxd5 exd5 6.O-O Nf6 7.d3 Bc5 8.Qc2 Nbd7
9.e4 O-O 10.Nc3 Re8 11.h3 Bh5 12.Nh4 Ne5 13.exd5 cxd5 14.Bg5 Rc8 15.Bxf6 Qxf6
16.Nxd5 Qd6 17.Nf5 Qd7 18.d4 Bf8 19.Nh6+ Kh8 20.Qf5 Bg6 21.Qxd7 Nxd7 22.Ng4 Rc2
23.Nge3 Rxb2 24.Nc4 Rc2 25.Nde3 Rc3 26.Bxb7 Rd8 27.Rac1 Rxc1 28.Rxc1 Kg8
29.f4 Bd3 30.Nb2 Bb5 31.a4 Ba3 32.axb5 Bxb2 33.Rd1 Nf6 34.d5 Ne4 35.Kg2 Nd6
36.Bc6 Ba3 37.Ng4 f6 38.Nf2 Bc5 39.Nd3 Bb6 40.Nb2 Kf7 41.Na4 Rb8 42.Kf3 Bc7
43.Rb1 Nc4 44.Ke2 Bd6 45.Kd3 Nb6 46.Nc3 Rd8 47.Ra1 Bb8 48.Ne4 Nxd5 49.Ke2 Ne7
50.Nc5 Nf5 51.Nd7 Nxg3+ 52.Kf3 Nf5 53.Nxb8 Rxb8 54.Rxa7+ Kg6 55.Rd7 h5 56.Ke4 Ng3+
57.Kd5 Ne2 58.f5+ Kxf5 59.Rxg7 Nc3+ 60.Kc4 Ne4 61.Rh7 Nd6+ 62.Kb4 Kg5 63.Kc5 Nxb5
64.Bxb5 Kh4 65.Bd7 Rb3 66.Kd5 Re3 67.Kd4 Re1 68.Kd5 Re3 69.Kd6 Re4 70.Kd5 Re3
71.Kd6 Kg5 72.Rg7+ Kh4 73.Rh7 Kg5 74.Rg7+ Kh4 75.Rg6 Rf3 76.Kd5 f5 77.Ke5 Rxh3
78.Kxf5 Rg3 79.Rh6 Rg5+ 80.Kf4 Rg4+ 81.Kf3 Rg3+ 82.Kf2 Kg5 83.Rh8 h4 84.Ra8 Rb3
85.Ra5+ Kf6 86.Kg2 Rg3+ 87.Kh2 Rg5 88.Ra4 Rd5 89.Bh3 Rd2+ 90.Bg2 Kg5 91.Ra8 Rb2
92.Rg8+ Kh5 93.Kg1 Rd2 94.Kf1 Rb2 95.Bf3+ Kh6 96.Rg4 h3 97.Rh4+ Kg5 98.Rxh3 Kf4
99.Be2 Rb6 100.Kf2 Rf6 101.Bf3 Ra6 102.Rh4+ Ke5 103.Re4+ Kd6 104.Ke3 Ra7
105.Be2 Re7  1/2-1/2

[Event "Knjaz Milos Jezero Open"]
[Site "Belgrade SCG"]
[Date "2004.08.22"]
[Round "6"]
[White "Mihajlovic,M"]
[Black "Nikolic,Br"]
[Result "1-0"]
[WhiteElo "2276"]
[BlackElo "2144"]

1.Nf3 d5 2.g3 c6 3.Bg2 Nf6 4.d3 Bf5 5.O-O e6 6.a4 Bd6 7.c3 h6 8.a5 O-O 9.b4 Re8
10.Nbd2 e5 11.Nb3 Nbd7 12.a6 b6 13.e4 Bh7 14.Nfd2 Qe7 15.Qe2 Rac8 16.Bb2 b5
17.Rfd1 Nb6 18.Rab1 Na4 19.Ba1 d4 20.cxd4 exd4 21.Nxd4 Bxb4 22.Rdc1 Bc5 23.N2b3 Nd7
24.Bh3 Rc7 25.Bxd7 Rxd7 26.Nxc6 Qd6 27.Qg4 Bg6 28.Ne5 Rc7 29.Nxg6 fxg6 30.d4 Bb6
31.e5 Qd5 32.Rxc7 Bxc7 33.Qxg6 Rf8 34.Nd2 Bxe5 35.Qe4 Qa2 36.Qe1 Bf6 37.Rxb5 Nb6
38.Ne4 Qxa6 39.Ra5 Qb7 40.Nxf6+ Rxf6 41.d5 Rd6 42.Qe8+ Kh7 43.Qe4+ Kh8 44.Qf4 Rxd5
45.Rxd5 Nxd5 46.Qxh6+ Kg8 47.Qe6+ Kh8 48.Qe8+ Kh7 49.Qe4+ Kg8 50.h4 Qf7 51.Qe5 Qb7
52.h5 Qd7 53.h6 gxh6 54.Qh8+ Kf7 55.Qxh6 Ke8 56.Qh8+ Ke7 57.Bd4 a6 58.Bc5+ Ke6
59.Qh3+  1-0

[Event "14th Open"]
[Site "Abu Dhabi UAE"]
[Date "2004.08.23"]
[Round "9"]
[White "Mohamed,Ho"]
[Black "Pourkashiyan,A"]
[Result "1/2-1/2"]
[WhiteElo "2198"]
[BlackElo "2229"]

1.Nf3 d5 2.g3 Nf6 3.Bg2 e6 4.O-O Be7 5.c4 O-O 6.b3 c5 7.Bb2 Nc6 8.e3 b6 9.Qe2 Bb7
10.Rd1 Qc7 11.Nc3 Rac8 12.Rac1 Rfd8 13.cxd5 exd5 14.d4 Ne4 15.dxc5 Nxc3 16.Bxc3 bxc5
17.Qb2 Bf8 18.Ng5 Qe7 19.h4 h6 20.Nf3 d4 21.exd4 cxd4 22.Bxd4 Nxd4 23.Rxd4 Qf6
24.Rxc8 Rxc8 25.Rd2 Qe6 26.Rd1 Qg4 27.Rd4 Qf5 28.Rf4 Qh5 29.Qd2 Qb5 30.Bf1 Qc5
31.Bc4 Rc7 32.Qd8 Qd6 33.Qxd6 Bxd6 34.Rd4 Bxf3 35.Rxd6 Re7 36.Kf1 Kh7 37.Rd2 g5
38.hxg5 hxg5 39.Be2 Bb7 40.f3 Kg7 41.Kf2 Kf6 42.Bc4 Rc7 43.Rd8 Ke7 44.Rd4 Rc5
45.f4 gxf4 46.Rxf4 f6 47.Ke3 Re5+ 48.Kd4 Rg5 49.Rh4 Kd6 50.Rf4 f5 51.Be2 Bc8
52.Rf3 Rg4+ 53.Kc3 Re4 54.Bd3 Re5 55.Bc4 Re1 56.Rd3+ Kc6 57.Bd5+ Kb6 58.Kd4 a5
59.a4 Be6 60.Bxe6 Rxe6 61.Rc3 Re4+ 62.Kd5 Re1 63.Kd6 Ka6 64.Kc5 Re5+ 65.Kd4 Re4+
66.Kd3 Rb4 67.Kc2 Rg4 68.Kd2 Kb6 69.Ke2 Re4+ 70.Re3 Rb4 71.Rc3 Rg4 72.Kf3 Rd4
73.Kg2 Rd2+ 74.Kh3 Rf2 75.Kh4 f4 76.g4 Rf1 77.Kg5 f3 78.Kf5 f2 79.Rf3 Kc5
80.g5 Kd5 81.g6 Kd4 82.Kf4  1/2-1/2

[Event "Open"]
[Site "Vladimir RUS"]
[Date "2004.08.23"]
[Round "6"]
[White "Zaitsev,Va"]
[Black "Tomilova,E"]
[Result "1-0"]
[WhiteElo "2378"]
[BlackElo "2252"]

1.Nf3 d5 2.g3 Nf6 3.Bg2 c6 4.O-O Bf5 5.d3 e6 6.Nbd2 Be7 7.Qe1 h6 8.e4 Bh7
9.Qe2 dxe4 10.dxe4 O-O 11.b3 Nbd7 12.Bb2 Nc5 13.Ne5 a5 14.a3 Qc7 15.Ng4 Ncd7
16.f4 Nxg4 17.Qxg4 Bf6 18.e5 Bf5 19.Qd1 Be7 20.g4 Bh7 21.Nc4 Nb6 22.Qe2 Rfd8
23.f5 Nxc4 24.Qd2 Qb6+ 25.Kh1 Qc5 26.Qe2 Bg5 27.Bc1 Bxc1 28.Raxc1 Qxa3 29.f6 g5
30.h4 Kh8 31.hxg5 hxg5 32.Qe3 Qf8 33.Rf3 Qh6+ 34.Rh3 Qg6 35.Be4  1-0

[Event "XVI Open"]
[Site "Porto San Giorgio ITA"]
[Date "2004.08.25"]
[Round "5"]
[White "Lazic,Mi"]
[Black "Chiaretti,R"]
[Result "1-0"]
[WhiteElo "2471"]
[BlackElo "2207"]

1.g3 d5 2.Nf3 c6 3.Bg2 Nf6 4.O-O Bf5 5.d3 h6 6.b3 e6 7.Bb2 Be7 8.Nbd2 O-O
9.c4 Nbd7 10.a3 Bh7 11.Rc1 Bd6 12.b4 Qe7 13.Re1 e5 14.c5 Bc7 15.e4 dxe4 16.dxe4 Rfd8
17.Qc2 Rac8 18.Bh3 Bb8 19.Nh4 b5 20.cxb6 axb6 21.b5 Rc7 22.bxc6 Nc5 23.f4 exf4
24.Nf5 Bxf5 25.exf5 Qd6 26.Nc4 Qxc6 27.Bg2 Qa4 28.Qxa4 Nxa4 29.Be5 Rc5 30.gxf4 Nh5
31.Rcd1 Rxd1 32.Rxd1 Bxe5 33.Rd8+ Kh7 34.Nxe5 Rc7 35.Bd5 Nxf4 36.Bxf7 g5
37.f6 Nc5 38.Bg8+ Kh8 39.Be6+  1-0

[Event "ch-CAN"]
[Site "Toronto CAN"]
[Date "2004.08.25"]
[Round "6"]
[White "Filipovich,D"]
[Black "Ochkoos,J"]
[Result "0-1"]
[WhiteElo "2210"]
[BlackElo "2299"]

1.Nf3 d5 2.g3 Nc6 3.Bg2 e5 4.d3 f6 5.c3 Be6 6.Nbd2 Qd7 7.h4 h5 8.b4 Nh6 9.Bb2 Ng4
10.a3 g6 11.Qc2 Bh6 12.c4 Ne7 13.cxd5 Nxd5 14.Ne4 O-O-O 15.Bc1 Bg7 16.Bd2 b6
17.Rb1 g5 18.hxg5 f5 19.Nf6 Ndxf6 20.gxf6 Bxf6 21.Rc1 Bd5 22.Nh4 Bxg2 23.Nxg2 h4
24.Nxh4 Kb8 25.Qc6 Qh7 26.f3 Rd6 27.Qc4 f4 28.Kf1 Rd4 29.Qc6 fxg3 30.Kg2 Nf2
31.Nf5 Nxh1  0-1

[Event "ch-FRA w"]
[Site "Val d'Isere FRA"]
[Date "2004.08.25"]
[Round "10"]
[White "Milliet,S"]
[Black "Flear,C"]
[Result "1/2-1/2"]
[WhiteElo "2280"]
[BlackElo "2257"]

1.Nf3 d5 2.g3 Nf6 3.Bg2 c6 4.d3 Bg4 5.O-O Nbd7 6.Nbd2 e6 7.h3 Bxf3 8.Bxf3 Be7
9.e4 dxe4 10.dxe4 Ng8  1/2-1/2

[Event "ch-CAN Playoff FM"]
[Site "Toronto CAN"]
[Date "2004.08.30"]
[Round "1"]
[White "Filipovich,D"]
[Black "Feoktistov,D"]
[Result "1/2-1/2"]
[WhiteElo "2210"]
[BlackElo "2146"]

1.Nf3 d5 2.g3 c5 3.Bg2 Nc6 4.d4 e6 5.O-O Nf6 6.c4 dxc4 7.Ne5 Nxe5 8.dxe5 Nd5
9.Na3 Be7 10.Nxc4 O-O 11.e4 Nb4 12.Qe2 Qc7 13.Rd1 Nc6 14.f4 Nd4 15.Qf2 b5
16.Nd6 Bxd6 17.exd6 Qxd6 18.e5 Qb8 19.Be3 Bb7 20.Bxd4 cxd4 21.Bxb7 Qxb7 22.Qxd4 Rac8
23.Rac1 h6 24.b4 Qa6 25.Qd7 Qb6+ 26.Kg2 Rcd8 27.Qe7 Rxd1 28.Rxd1 Qc6+ 29.Kh3 Qf3
30.Rd8  1/2-1/2

[Event "4th Botvinnik Mem"]
[Site "Satka RUS"]
[Date "2004.09.01"]
[Round "6"]
[White "Vasiukov,E"]
[Black "Klovans,J"]
[Result "1-0"]
[WhiteElo "2514"]
[BlackElo "2456"]

1.Nf3 d5 2.g3 Nf6 3.Bg2 c6 4.O-O Bg4 5.d3 e6 6.Nbd2 Be7 7.h3 Bh5 8.e4 O-O
9.Qe1 Nbd7 10.Nh2 dxe4 11.dxe4 e5 12.Nc4 Bg6 13.Bd2 Nc5 14.f3 Ne6 15.Bc3 Nd4
16.Rf2 Bc5 17.Kh1 Nh5 18.Nf1 f6 19.b4 Be7 20.Kh2 Bf7 21.Nfe3 Qc7 22.Bb2 Rfd8
23.Bf1 Bf8 24.a3 Rd7 25.Rd1 Rad8 26.Kg2 Nb5 27.Rfd2 g6 28.Ng4 Bg7 29.Qe3 Nd4
30.c3 b5 31.Na5 Ne6 32.Bc1 Rxd2+ 33.Rxd2 Rxd2+ 34.Bxd2 Qd7 35.Be2 Kh8 36.Kf2 Bf8
37.c4 Nd4 38.Bc3 a6 39.c5 Bg7 40.f4 Be6 41.Bd1 Kg8 42.Qd2 Kf8 43.Kg2 Ke8
44.Bxd4 exd4 45.Nf2 Bh6 46.Bb3 Ng7 47.Qd1 Bxb3 48.Qxb3 Ne6 49.Ng4 Bg7 50.f5 Nf8
51.Qd3 gxf5 52.exf5 Qd5+ 53.Qf3 Qxf3+ 54.Kxf3 Kd7 55.Ke4 h5 56.Nf2 Bh6 57.Nb3 Be3
58.Nd3 Nh7 59.h4 Bg1 60.Nxd4 Bxd4 61.Kxd4  1-0